| 000 | 00512nam a22001697a 4500 | ||
|---|---|---|---|
| 999 |
_c61282 _d61282 |
||
| 005 | 20240125121306.0 | ||
| 008 | 240125s2018 enk||||| |||| 00| 0 eng d | ||
| 020 | _a9781949855029x | ||
| 041 | _aeng | ||
| 080 | _a514.112(076.1) H-65 | ||
| 245 |
_aHigh School Geometry Practice / _bGet Digital Access to. 2 Geometry Practice Tests. |
||
| 264 |
_aPiscataway, _c2018. |
||
| 300 |
_a142 p. ; _b28 cm. |
||
| 440 |
_a Lumos Learning _921123 |
||
| 653 | _aგეომეტრია | ||
| 942 |
_2udc _cᲬᲘᲒᲜᲘ |
||